000 00686nam a2200193 i 4500
001 36711
003 ES-MaACL
005 20250514194822.0
007 t|
008 030219s1950 sp |||| | spa d
100 1 _aBousoño, Carlos,
_d1923-2015
_931032
245 1 3 _aLa poesía de Vicente Aleixandre
_b: imagen, estilo, mundo poético /
_cCarlos Bousoño ; prólogo de Dámaso Alonso.
260 _a[Madrid] :
_bÍnsula,
_c1950 (
_fArges)
300 _aXV, 280 p., 4 lám. ;
_c25 cm.
600 1 4 _aAleixandre, Vicente,
_d1898-1984-
_xCrítica e interpretación
_919690
700 1 _aAlonso, Dámaso,
_d1898-1990
_920195
852 _aES-MaACL
_jD-7124
999 _c36711
_d36711